000 00557nam a2200181Ia 4500
003 GCL
005 20240530103635.0
008 140319s9999 xx 000 0 ara d
040 _aGCL /
_cGCL
082 0 4 _a334.091
_bم ت
100 1 _aمحمد يسرى ابراهيم دعبس
245 1 0 _a0000000000000000000
_cمحمد يسرى ابراهيم دعبس
300 _a555 ص
490 _aالسلسلة السوسيوانثيرويولوجية
_v0
650 0 4 _aالقوى العاملة
650 0 4 _aالمجتمع البدوى
942 _2ddc
_cBK
999 _c41353
_d41353